000 00469nam a2200157 i 4500
001 99602
003 ES-MaACL
005 20230906182526.0
007 t|
008 050913s1957 sp ||||1| spa d
100 1 _aMartínez Alonso, Isidoro.
_977845
245 1 0 _aFilosofía y mística del dolor y de la muerte /
_cIsidoro Martínez Alonso.
260 _aMadrid :
_b[s.n.],
_c1957 (
_fEscelicer)
300 _a41 p. ;
_c20 cm.
852 _aES-MaACL
_j1997-F-12
_bR.40678
999 _c99602
_d99602